| 000 | 00793nam a22001817a 4500 | ||
|---|---|---|---|
| 999 |
_c371006 _d371006 |
||
| 008 | 201130b ||||| |||| 00| 0 eng d | ||
| 040 |
_bger _cSTAFF _erda _aSTAFF |
||
| 100 | _aWeber-Rath, Ines | ||
| 245 |
_aVerwahrentgelt empört Rentnerpaar. _bWirtschaft: Die Sparkasse Oder-Spree bietet ihren Kunden Rahmenvereinbarungen für Erspartes an. Doch die Praxis stößt vor allem bei älteren Sparern auf Skepsis und Widerspruch./ _cInes Weber-Rath |
||
| 653 | _aFrankfurt (Oder) | ||
| 653 | _aSparkasse Oder-Spree | ||
| 653 | _aVerwahrentgelt | ||
| 773 |
_dFrankfurt (Oder): Märkisches Verlags- und Druckhaus GmbH & Co KG _g32. Jahrgang (2021) Nr. 246 vom 21.10.2021, S. 15 _tMärkische Oderzeitung |
||
| 942 | _cA | ||